2017 NHL Expansion Draft - Statistics

General Stats
  • This quiz has been taken 83 times
  • The average score is 10 of 30
Answer Stats
Former Team Position Player % Correct
Pittsburgh Penguins Goalie Marc-Andre Fleury
90%
Columbus Blue Jackets Forward William Karlsson
87%
Florida Panthers Forward Jonathan Marchessault
75%
Nashville Predators Forward James Neal
50%
Washington Capitals Defence Nate Schmidt
49%
Colorado Avalanche Goalie Calvin Pickard
46%
Minnesota Wild Forward Erik Haula
43%
Los Angeles Kings Defence Brayden McNabb
38%
Calgary Flames Defence Deryk Engelland
37%
St. Louis Blues Forward David Perron
35%
Vancouver Canucks Defence Luca Sbisa
35%
Boston Bruins Defence Colin Miller
32%
Dallas Stars Forward Cody Eakin
31%
Tampa Bay Lightning Defence Jason Garrison
28%
Buffalo Sabres Forward William Carrier
28%
Anaheim Ducks Defence Clayton Stoner
26%
Detroit Red Wings Forward Tomas Nosek
26%
New York Islanders Goalie Jean-Francois Berube
24%
Ottawa Senators Defence Marc Methot
24%
Montreal Canadiens Defence Alexei Emelin
22%
Edmonton Oilers Defence Griffin Reinhart
22%
Toronto Maple Leafs Forward Brendon Leipsic
21%
New York Rangers Forward Oscar Lindberg
21%
Philadelphia Flyers Forward Pierre-Edouard Bellemare
21%
Chicago Blackhawks Defence Trevor van Riemsdyk
19%
Winnipeg Jets Forward Chris Thorburn
16%
San Jose Sharks Defence David Schlemko
15%
Arizona Coyotes Forward Teemu Pulkkinen
13%
Carolina Hurricanes Forward Connor Brickley
9%
New Jersey Devils Defence Jon Merrill
4%
No matching quizzes found
Score Distribution
Percent of People with Each Score
Percentile by Number Answered
Your Score History
You have not taken this quiz